UK Locations - Sudden Death - Statistics

General Stats
  • This quiz has been taken 211 times
    203 since last reset
  • The average score is 9 of 40
Answers on the Grid
Answers color-coded by a green-red scale on the quiz's grid according to % correct below.
Abhainn Gheal
Angus
Argyll and Bute
Avonmoor
Bedforshireham
Belfast
Ben Nevis
Berlin
Branfordshire
Windrushmere
Buckinghampstead
Caithness
Cardiff
Carmarthenshire
Chelmsfordshire
Cheshire
Chilternham
Cornwall
Cotswoldbury
Cumbria
Dalesworth
Denbighshire
Devon
Dorset
Dublin
Eastboroughshire
England
Essex
Essexmoor
Fenfordshire
Flintshire
Galway
Gibraltar
Glasgow
Gleann Fhraoch
Glousterfield
Guernsey
Hampshire
Heathcliffshire
Herefordshire
Hertfordvale
Isle of Man
Isle of Wight
Jersey
Kentworth
Lankaster
Limerick
Lincolnshire
Merthyr Tydfil
Monmouthshire
Moorlandchester
Norfolk
North Yorkshire
Northumberland
Norwicksby
Orkney
Peakford
Pembrokeshire
Powys
Riverhamptonshire
Rutland
Scottish Highlands
Shetland Islands
Shropshire
Shropshireton
Somerset
South Yorkshire
Srath Fionn
Stokefordshire
Stonehengewick
Suffolktide
Surrey
Thames Valley
Thameswick
Tweeddaleham
Warwickshire
Wessexshire
West Midlands
West Sussex
Woldhampton
 
Answer Stats
Answer % Correct
Capital of Wales Cardiff
35%
Constituent country of the UK England
34%
Largest city in Scotland Glasgow
34%
English county of the southern coast of England Isle of Wight
33%
English county in the southwest of England Cornwall
29%
English county in the southeast of England Essex
29%
English county in the southeast of England Surrey
29%
English county in the east of England Norfolk
28%
English region in the West Midlands (as the name implies) West Midlands
27%
Capital of Northern Ireland Belfast
26%
English county east of Devon Dorset
26%
English county south of Manchester Cheshire
24%
English county east of Cornwall Devon
24%
English county in the south of England Hampshire
24%
English county in the west of England, bordering Wales Herefordshire
24%
English county in the northeast of England Northumberland
24%
English county in the south of England West Sussex
24%
English county in the north of England South Yorkshire
23%
English county (part of the Anglo-Saxon kingdom of Northumbria) in the northwest of England Cumbria
22%
Scottish island group north of mainland Scotland Orkney
21%
Welsh principal county area in the southwest of Wales Pembrokeshire
21%
English county in the East Midlands, smallest in England Rutland
21%
Scottish council area covering the northern part of Scotland Scottish Highlands
21%
English county in the West Midlands Shropshire
21%
Highest mountain of the British Isles (located in Scotland) Ben Nevis
20%
English county in the east of England Lincolnshire
20%
English county in the southwest of England Somerset
20%
Scottish island group northeast of Orkney Shetland Islands
18%
English county in the north of England North Yorkshire
16%
Welsh principal county area in mid-Wales Powys
16%
Geographical area in England that encompasses the counties and towns along the River Thames Thames Valley
16%
English county in the West Midlands Warwickshire
16%
Welsh principal county area in the southeast of Wales Monmouthshire
14%
Scottish council area northwest of Glasgow Argyll and Bute
13%
Welsh principal county area in the northeast of Wales Flintshire
13%
Scottish council area north of Dundee Angus
12%
Welsh principal county area in South Wales Merthyr Tydfil
12%
Historic county in the northernmost part of Scotland Caithness
9%
Welsh principal county area in the southwest of Wales Carmarthenshire
9%
Welsh principal county area in the northeast of Wales Denbighshire
9%
No matching quizzes found
Score Distribution
Percent of People with Each Score
Percentile by Number Answered
Your Score History
You have not taken this quiz since the last reset